书目信息 |
| 题名: |
中国环境保护标准汇编
|
|
| 作者: | ;国家环境保护总局科技标准司 编 | |
| 分册: | ||
| 出版信息: | 北京 中国环境科学出版社 2004.09 |
|
| 页数: | 287页 | |
| 开本: | 30cm | |
| 丛书名: | ||
| 单 册: | ||
| 中图分类: | X-65 | |
| 科图分类: | ||
| 主题词: | 环境保护--环境标准--汇编 --中国 | |
| 电子资源: | ||
| ISBN: | 7-80163-919-7 | |
| 000 | 00873nam0 2200217 450 | |
| 001 | 0160271607 | |
| 005 | 20050323164607.70 | |
| 010 | @a7-80163-919-7@d58.00CNY | |
| 100 | @a20050323d2004 km y0chiy0121 ea | |
| 101 | 0 | @achi |
| 102 | @aCN@b110000 | |
| 105 | @ay z 000yy | |
| 200 | 1 | @a中国环境保护标准汇编@Azhong guo huan jing bao hu biao zhun hui bian@e2003~2004年@f国家环境保护总局科技标准司编@Fguo jia huan jing bao hu zong ju ke ji biao zhun si bian |
| 210 | @a北京@c中国环境科学出版社@d2004.09 | |
| 215 | @a287页@d30cm | |
| 330 | @a本书汇编了2003年1月至2004年7月发布的(包括新修订的)所有国家环境保护标准和环境保护行业标准(共28项)。 | |
| 606 | 0 | @a环境保护@x环境标准@x汇编 @y中国 |
| 690 | @aX-65@v4 | |
| 711 | 02 | @a国家环境保护总局科技标准司@Aguo jia huan jing bao hu zong ju ke ji biao zhun si@4编 |
| 801 | 0 | @aCN@bRULIN@c20050323 |
| 905 | @a10447@dX-65@eG8991 | |
| 中国环境保护标准汇编:2003~2004年/国家环境保护总局科技标准司编.-北京:中国环境科学出版社,2004.09 |
| 287页;30cm |
| ISBN 7-80163-919-7:58.00CNY |
| 本书汇编了2003年1月至2004年7月发布的(包括新修订的)所有国家环境保护标准和环境保护行业标准(共28项)。 |
| ● |
| 相关链接 |
|
|
|
正题名:中国环境保护标准汇编
索取号:X-65/G8991
 
预约/预借
| 序号 | 登录号 | 条形码 | 馆藏地/架位号 | 状态 | 备注 |
| 1 | 520906 | 205209068 | 自科库501/501自科库 61排7列4层/ [索取号:X-65/G8991] | 在馆 | |
| 2 | 520907 | 205209077 | 自科库501/501自科库 61排7列4层/ [索取号:X-65/G8991] | 在馆 |